000
00303nam a22001337a 4500
008
170616b xxu||||| |||| 00| 0 eng d
020
_a
9780393276367
041
_a
eng
080
_2
5TH
_a
32
100
_a
20
101
_a
SHP
245
_a
CASES IN COMPARATIVE POLITICS
_c
O'NEIL,P.H
942
_2
udc
_c
BK
999
_c
17899
_d
17899